Historia de los grandes viajes y de los grandes viajeros / (Record no. 167292)

MARC details
000 -LEADER
campo de control de longitud fija 00880nam a22002055i 4500
001 - NÚMERO DE CONTROL
campo de control 167292
003 - IDENTIFICADOR DE NÚMERO DE CONTROL
campo de control ES-MaACL
005 - FECHA Y HORA DE LA ÚLTIMA TRANSACCIÓN
campo de control 20250818063110.0
008 - DATOS DE LONGITUD FIJA--INFORMACIÓN GENERAL
campo de control de longitud fija 960520q1900 sp |||| | spa d
100 1# - ENTRADA PRINCIPAL--NOMBRE DE PERSONA
Nombre de persona Verne, Jules,
Fechas asociadas al nombre 1828-1905
9 (RLIN) 188654
245 10 - MENCIÓN DEL TÍTULO
Título Historia de los grandes viajes y de los grandes viajeros /
Mención de responsabilidad, etc. obra escrita en francés por Julio Verne ; versión española.
250 ## - MENCION DE EDICION
Mención de edición Ed. ilustrada con grabados.
260 ## - PUBLICACIÓN, DISTRIBUCIÓN, ETC.
Lugar de publicación, distribución, etc. Madrid :
Nombre del editor, distribuidor, etc. Sáenz de Jubera, Hermanos,
Fecha de publicación, distribución, etc. [ca. 1900]
300 ## - DESCRIPCIÓN FÍSICA
Extensión 70 p. :
Otras características físicas il. ;
Dimensiones 28 cm.
594 ## - Nota al título y mención de responsabilidad
Nota al título y mención de responsabilidad Precede al tít.: Descubrimientos de la tierra
594 ## - Nota al título y mención de responsabilidad
Nota al título y mención de responsabilidad "Contiene esta obra los viajes de Hannon, Heródoto, Phyteas, Nearco, Eudoxo, César, Estrabón, Pausanias..."
597 ## - NOTA DE DESCRIPCIÓN FÍSICA
NOTA DE DESCRIPCIÓN FÍSICA Texto a dos columnas
852 4# - LOCALIZACIÓN
Ubicación ES-MaACL
Número de control de estantería B-12390(6)
Nota libre - Enc. ed. en tela roja con planchas polícromas
Holdings
Estatus retirado Estado de pérdida Estado de daño No para préstamo Colección Biblioteca de origen Biblioteca actual Ubicación en estantería Fecha de adquisición Fuente de adquisición Total de préstamos Signatura topográfica completa Código de barras Visto por última vez Precio de reemplazo Tipo de ítem Koha
        Libros del s. XIX Biblioteca del Ateneo de Madrid Biblioteca del Ateneo de Madrid Sala Pardo Bazán 17/01/2008     B-12390(6) 1175491 23/02/2023 23/02/2023 Libro impreso antiguo